Poverty and Development into the 21st Century (Record no. 3411)
[ view plain ]
| 000 -LEADER | |
|---|---|
| fixed length control field | 01203cam a2200337 a 4500 |
| 001 - CONTROL NUMBER | |
| control field | 12188982 |
| 003 - CONTROL NUMBER IDENTIFIER | |
| control field | OSt |
| 005 - DATE AND TIME OF LATEST TRANSACTION | |
| control field | 20180419192829.0 |
| 008 - FIXED-LENGTH DATA ELEMENTS--GENERAL INFORMATION | |
| fixed length control field | 000928s2000 enk 000 0 eng d |
| 010 ## - LIBRARY OF CONGRESS CONTROL NUMBER | |
| LC control number | 00708883 |
| 015 ## - NATIONAL BIBLIOGRAPHY NUMBER | |
| National bibliography number | GB 99-U9824 |
| 020 ## - INTERNATIONAL STANDARD BOOK NUMBER | |
| International Standard Book Number | 0198776268 |
| 035 ## - SYSTEM CONTROL NUMBER | |
| System control number | (OCoLC)ocm43529724 |
| 040 ## - CATALOGING SOURCE | |
| Original cataloging agency | EQO |
| Transcribing agency | EQO |
| Modifying agency | OCL |
| -- | DLC |
| 042 ## - AUTHENTICATION CODE | |
| Authentication code | lccopycat |
| 050 00 - LIBRARY OF CONGRESS CALL NUMBER | |
| Classification number | HC59.72.P6 |
| Item number | P672 2000 |
| 082 00 - DEWEY DECIMAL CLASSIFICATION NUMBER | |
| Classification number | 338.4 |
| Edition number | 21 |
| Item number | POV 2000 |
| 100 ## - MAIN ENTRY--PERSONAL NAME | |
| Personal name | Edited by Tim, Allen; Alan, Thomas. |
| 9 (RLIN) | 12616 |
| 245 00 - TITLE STATEMENT | |
| Title | Poverty and Development into the 21st Century |
| 260 ## - PUBLICATION, DISTRIBUTION, ETC. (IMPRINT) | |
| Place of publication, distribution, etc. | Oxford University Press |
| Date of publication, distribution, etc. | 2000. |
| 300 ## - PHYSICAL DESCRIPTION | |
| Extent | xi, 572 p. : |
| Other physical details | ill. ; |
| Dimensions | 25 cm. |
| 504 ## - BIBLIOGRAPHY, ETC. NOTE | |
| Bibliography, etc | includes Index |
| 650 #0 - SUBJECT ADDED ENTRY--TOPICAL TERM | |
| Topical term or geographic name as entry element | Poverty |
| 9 (RLIN) | 7525 |
| 651 #0 - SUBJECT ADDED ENTRY--GEOGRAPHIC NAME | |
| Geographic name | Economic Development |
| 9 (RLIN) | 1026 |
| 740 02 - ADDED ENTRY--UNCONTROLLED RELATED/ANALYTICAL TITLE | |
| Uncontrolled related/analytical title | Poverty and development in the 1990's. |
| 856 42 - ELECTRONIC LOCATION AND ACCESS | |
| Materials specified | Publisher description |
| Uniform Resource Identifier | http://www.loc.gov/catdir/enhancements/fy0611/00708883-d.html |
| 856 41 - ELECTRONIC LOCATION AND ACCESS | |
| Materials specified | Table of contents only |
| Uniform Resource Identifier | http://www.loc.gov/catdir/enhancements/fy0611/00708883-t.html |
| 856 42 - ELECTRONIC LOCATION AND ACCESS | |
| Materials specified | Contributor biographical information |
| Uniform Resource Identifier | http://www.loc.gov/catdir/enhancements/fy0722/00708883-b.html |
| 906 ## - LOCAL DATA ELEMENT F, LDF (RLIN) | |
| a | 7 |
| b | cbc |
| c | copycat |
| d | 2 |
| e | ncip |
| f | 20 |
| g | y-gencatlg |
| 942 ## - ADDED ENTRY ELEMENTS (KOHA) | |
| Source of classification or shelving scheme | Dewey Decimal Classification |
| Koha item type | Short Loan |
| Withdrawn status | Lost status | Source of classification or shelving scheme | Damaged status | Not for loan | Home library | Current library | Date acquired | Inventory number | Total Checkouts | Full call number | Barcode | Date last seen | Koha item type |
|---|---|---|---|---|---|---|---|---|---|---|---|---|---|
| Dewey Decimal Classification | MUST Main Library | MUST Main Library | 08/04/2016 | 03/20181 | 338.4 POV 2000 | 2016-0628 | 08/04/2016 | Short Loan | |||||
| Dewey Decimal Classification | MUST Main Library | MUST Main Library | 08/04/2016 | 03/19059 | 338.4 POV 2000 | 2016-0629 | 08/04/2016 | Short Loan | |||||
| Dewey Decimal Classification | MUST Main Library | MUST Main Library | 08/04/2016 | 03/19060 | 338.4 POV 2000 | 2016-0630 | 08/04/2016 | Short Loan |
